00620nam a2200169 a 450000100100000000500170001000800410002704000250006808200150009310000360010824500630014426000760020730000190028304900090030295201220031199900170043300002922220200930055415.0110414s1960 dr 000 0 spa d aDO-SdBNPbspacBNPHU axxxbS715t1 aSosa, Andrés Nicolás94499710aEl tema de actualidad nacional /cAndrés Nicolás Sosa. aCiudad Trujillo, República Dominicana :bEditorial del Caribe,c1960. a8 p. ;c24 cm. aBNPD 001054708PDaPDbPDcCTd2011-04-14iLF1l0oxxx S715tp29222-10r2020-06-25w2020-06-25yLFPDZPréstamo en sala c28714d28714